000 01947nam a22003613i 4500
001 EBC31986579
003 MiAaPQ
005 20251205133730.0
007 cr cnu||||||||
008 251205s2025 xx o ||||0 eng d
020 _a9781836390404
_q(electronic bk.)
020 _z9781836390398
040 _aMiAaPQ
_beng
_cMiAaPQ
100 1 _aWhite, Eric Marshall.
_967883
245 1 0 _aJohannes Gutenberg :
_bA Biography in Books.
250 _a1st ed.
264 1 _aLondon EC1V 0HE :
_bReaktion Books, Limited,
_c2025.
264 4 _c©2025.
300 _a1 online resource (224 pages)
336 _aText
_btxt
_2rdacontent
337 _aComputermedien
_bc
_2rdamedia
338 _aOnline Resource
_bcr
_2rdacarrier
490 1 _aMedieval Lives Series
500 _aE-Book-ProQuest / Fernzugriff nach Registrierung möglich
505 0 _aCover -- Half-Title Page -- Title Page -- Copyright -- Contents -- Foreword -- 1. An Invention for Europe -- 2. A Man Called Gutenberg -- 3. In Golden Mainz -- 4. The Work of the Books -- 5. The Wonderful Concord -- 6. A Trojan Horse -- 7. Gutenberg's Rescue -- Chronology -- References -- Recommended Reading -- Acknowledgements -- Photo Acknowledgements -- Index.
520 _aEric Marshall White is the Scheide Librarian and Assistant University Librarian for Special Collections, Rare Books and Manuscripts at Princeton University. His publications include Editio princeps: A History of the Gutenberg Bible (2017), which won the DeLong Prize for outstanding book in the field of book history.
655 _aFernzugriff
_9230
655 4 _aElectronic books.
776 0 8 _iPrint version:
_aWhite, Eric Marshall
_tJohannes Gutenberg
_dLondon EC1V 0HE : Reaktion Books, Limited,c2025
_z9781836390398
830 0 _aMedieval Lives Series
_924896
856 4 0 _uhttps://ebookcentral.proquest.com/lib/maxweberstiftung-ebooks/detail.action?docID=31986579
_zVolltext
942 _cEB
999 _c73349
_d73349